[Event "Landesliga Sued U20 1819"]
[Site "Bayern"]
[Date "2018.11.17"]
[Round "1.4"]
[White "McPherson, Elisha"]
[Black "Dempf, Martin"]
[Result "1-0"]
[WhiteElo "1718"]
[BlackElo "1125"]
[PlyCount "87"]
[EventDate "2018.11.17"]
[EventType "team-tourn"]
[EventRounds "7"]
[EventCountry "GER"]
[SourceTitle "EXT 2022"]
[Source "ChessBase"]
[SourceDate "2021.10.06"]
[SourceVersion "1"]
[SourceVersionDate "2021.10.06"]
[SourceQuality "1"]
[WhiteTeam "Augsburg SF U20 II"]
[BlackTeam "Kriegshaber SK U20"]
[WhiteTeamCountry "GER"]
[BlackTeamCountry "GER"]

1. e4 d5 2. exd5 Qxd5 3. Nc3 Qd8 4. Nf3 Bg4 5. h3 Bh5 6. g4 Bg6 7. Ne5 Nd7 8. Nxg6 hxg6 9. Bg2 c6 10. d4 Ndf6 11. d5 Rc8 12. dxc6 Qxd1+ 13. Nxd1 bxc6 14. Be3 c5 15. c4 e6 16. Bf4 Nd7 17. Bb7 Ne7 18. Bxc8 Nxc8 19. Nc3 Be7 20. 0-0-0 g5 21. Be3 Ncb6 22. b3 Bf6 23. Ne4 Be7 24. Nxg5 0-0 25. Ne4 a5 26. a4 f5 27. Nc3 f4 28. Bd2 Bh4 29. Ne4 e5 30. Bxa5 Rc8 31. g5 Ra8 32. Be1 f3 33. Rg1 Nf8 34. Rg4 Ng6 35. Rd6 Nf4 36. Rxh4 Ng2 37. Rg4 Nxa4 38. bxa4 Rxa4 39. Bd2 Rxc4+ 40. Kb2 Nf4 41. Rd8+ Kh7 42. Bxf4 exf4 43. g6+ Kh6 44. Rh8# 1-0